00493 2200181 4500245008500000020001800085250001100103100002100114700002700135650001700162005001900179260004100198041001400239084001300253300002500266336000900291338001100300 aDoraemon Petualangan 10 b : Nobita dan Planet BinatangcFujio, Fujiko F.hText a979-637-815-9 aCet. 1 aFujio, Fujiko F. aRoberto Masami Prabowo aKomik Jepang a20230201080417 aJakartabElex Media Komputindoc1996 aIndonesia a741.5592 a186 hlm. :c... jil. atext avolume